Statystyki dla Wszystkie nazwy pociągów w Krakowie głównym (wakacyjny rozkład)

Kliknij tutaj aby rozwiązać quiz!

Ogólne statystyki

  • Ten quiz został rozwiązany 42 razy
  • Średni wynik to 26 z 78

Statystyki odpowiedzi

KategoriaNazwa% Poprawnych
KŚ OsPGibki Cug
76%
TLKMałopolska
73%
ICMatejko
67%
ICPrzemyślanin
61%
EICTatry
58%
ICArtus
55%
ICWawel
55%
ICKarłowicz
48%
TLKKarpaty
48%
ICPorta Moravica
48%
TLKUstronie
48%
ICWybicki
48%
TLKBieszczady
45%
ICChełmoński
45%
ICCracovia
45%
ICHetman
45%
ICOsterwa
45%
ICŚlązak
45%
ICWitkacy
45%
ICWyspiański
45%
RBolek i Lolek
42%
ICGrottger
42%
ICMehoffer
42%
TLKRozewie
42%
ICSiemiradzki
42%
TLKSudety
42%
TLKWolin
42%
ICJagiełło
39%
RKarolinka
39%
ICMalczewski
39%
ICMarszałek Piłsudski
39%
ICPiast
39%
ICReymont
39%
RRysy
39%
ICBarbakan
36%
ICBoznańska
36%
ICChopin
36%
TLKGalicja
36%
ICHańcza
36%
ICKrakowianka
36%
TLKRoztocze
36%
ICCegielski
33%
RGubałówka
33%
ICKinga
33%
TLKLubomirski
33%
ICMalinowski
33%
ICOrłowicz
33%
ICPułaski
33%
ICSienkiewicz
33%
TLKWetlina
33%
ICŻeromski
33%
TLKKorsarz
30%
ICMiechowita
30%
ICKazimierz
27%
ICBursztyn
24%
RKasprowy
24%
RWanda
24%
TLKPołoniny
21%
RBiała
18%
RDolina Popradu
18%
KMŁ OsPLuxtorpeda
18%
RGwarek Olkuski
15%
ICKolberg
15%
RBeskidek
12%
RFrancesco Nullo
12%
TLKJamno
12%
RJurajski
12%
KMŁ OsPLach
12%
RLeskowiec
12%
RNikifor
12%
RRabsztyn
12%
KMŁ OsPDunajec
9%
KMŁ OsPHubal
9%
RJadwiga
9%
KMŁ OsPJaskółka
9%
RJaworzyna
9%
RPilsko
9%
KMŁ OsPMościcki
6%

Rozkład punktacji

Percentyl według liczby udzielonych odpowiedzi

Procent ludzi z każdym wynikiem

Twoja historia wyników

Nie rozwiązałeś tego quizu